| 000 | 00743nam a2200205 a 4500 | ||
|---|---|---|---|
| 001 | 000044512 | ||
| 005 | 20201002045427.0 | ||
| 008 | 140703s1992 br 000 0 spa d | ||
| 020 | _a2234024730 | ||
| 040 |
_aDO-SdBNP _bspa _cBNPHU |
||
| 041 | 1 | 7 | _aport. |
| 100 | 1 |
_aAlthusser, Louis _d1918-1990. _955695 |
|
| 245 | 1 | 0 |
_aL´avenir dure longtemps suivi de les faits : _bautobiograhies / _cLouis Althusser ; édition établie et présentée par Olivier Corpet et Yann Moulier Boutang. |
| 260 |
_a[Paris] : _bStock : IMEC, _c1992. |
||
| 300 |
_a355 p. ; _c23 cm. |
||
| 700 | 1 | 2 |
_aCorpet, Oliver _eed. _972533 |
| 700 | 1 | 2 |
_aMoulier Boutang, Yann _eed. _972534 |
| 710 | 2 |
_aInstitut Mémoires de l'édition contemporaine _972535 |
|
| 740 | 0 | _aLes Faits | |
| 999 |
_c44001 _d44001 |
||